English- hindi grammar / (Record no. 139567)

MARC details
000 -LEADER
fixed length control field 00530nam a22001817a 4500
005 - DATE AND TIME OF LATEST TRANSACTION
control field 20170508111650.0
010 ## - LCCN (DPL NO)
LC control number ENG-117823
020 ## - INTERNATIONAL STANDARD BOOK NUMBER
International Standard Book Number 9788190693271
Terms of availability 300.00
035 ## - SYSTEM CONTROL NUMBER
System control number EN-101355
037 ## - SOURCE OF ACQUISITION
Source of stock number/acquisition DBAD/PUB
082 ## - DEWEY DECIMAL CLASSIFICATION NUMBER
Classification number 485.25
100 ## - MAIN ENTRY--PERSONAL NAME
Personal name Sharma, Pavitra Kumar
245 ## - TITLE STATEMENT
Title English- hindi grammar /
Statement of responsibility, etc by Sunita Pareek
260 ## - PUBLICATION, DISTRIBUTION, ETC. (IMPRINT)
Place of publication, distribution, etc Daryanganj
Name of publisher, distributor, etc Akash Ganga Prakashan
Date of publication, distribution, etc 2012
270 ## - ADDRESS
Address 4760-61,23, Ansari Road, Daryaganj, New Delhi
300 ## - PHYSICAL DESCRIPTION
Extent 133p
Dimensions 21cm.(Hb)
942 ## - ADDED ENTRY ELEMENTS (KOHA)
Source of classification or shelving scheme Dewey Decimal Classification
Item type English Books
Classification part 485.25
Call number suffix SHA
Holdings
Withdrawn status Lost status Not for loan Collection code Home library Current library Date acquired Source of acquisition Cost, normal purchase price Full call number Barcode Copy number Cost, replacement price Koha item type
    Not For Loan Non-fiction D.B.Act.Division D.B.Act.Division 08/05/2017 300.00 0.00 485.25 SHA EN-101355 1 300.00 English Books

© Delhi Public Library
Hit Counter
free hit counter